| 000 | 00974njm a2200265Ia 4500 | ||
|---|---|---|---|
| 001 | 25712 | ||
| 003 | IT-RoPAU | ||
| 005 | 20220918181136.0 | ||
| 008 | 131025s9999 xx 000 0 und d | ||
| 040 | _aIT-RoPAU | ||
| 040 | _cIT-RoPAU | ||
| 999 |
_c100882 _d100882 |
||
| 999 | _bNO | ||
| 100 |
_aPuccio Gregorio _914096 |
||
| 100 |
_eAutore musica _914097 |
||
| 100 |
_gCodice autore musica SPICS: 11508 _914098 |
||
| 245 | _aSuoni e ritmi per danzare le ore | ||
| 250 | _a1a ed. | ||
| 260 | _aROMA | ||
| 260 |
_bEP - MUSICALI E DISCOGRAFICHE _c1984 [1a Ed.:1984 - Ed. Lingua Orig.: 1984] |
||
| 300 | _aMUSICASSETTA | ||
| 500 | _aMusica strumentale: chitarra, percussioni, basso e tastiere | ||
| 505 | _aAria aperta - Al ritmo del cuore - Vola canzone - Con tenerezza - Va e vieni - Strada nel sole - Nostalgia di... - Pomeriggio chiaro - Danza di pensieri - La mano nella mano - Luci nella sera | ||
| 650 |
_aSTRUMENTALE [CASSETTE] _eCodice MATERIA SPICS: 9951 _91218 |
||
| 942 |
_cMC _2ddc |
||